MARC

LEADER 00000nam0a2200000 4500
001 319609
005 20231102003210.0
035 |a (RuTPU)RU\TPU\book\345118 
090 |a 319609 
100 |a 20160603d1948 km y0rusy50 ca 
101 0 |a rus 
102 |a RU 
105 |a a z 001zy 
200 1 |a Ременные передачи. Расчет и эксплоатация  |f Е. А. Иванов 
210 |a Москва  |c Машгиз  |d 1948 
215 |a 184 с.  |c ил. 
320 |a Библиогр.: с. 181-182 
606 1 |a Ременные передачи  |x Проектирование  |2 stltpush  |3 (RuTPU)RU\TPU\subj\25014  |9 49270 
610 1 |a расчеты 
610 1 |a эксплуатация 
610 1 |a приводные ремни 
610 1 |a ременные передачи 
610 1 |a конструктивные элементы 
610 1 |a натяжные устройства 
610 1 |a сшивка 
610 1 |a монтаж 
610 1 |a смазка 
675 |a 621.852  |v 4 
700 1 |a Иванов  |b Е. А. 
801 1 |a RU  |b 63413507  |c 20160603 
801 2 |a RU  |b 63413507  |c 20200522  |g RCR 
942 |c BK